Akumulační elektrody superortikonu : Kand.diz.práca : V.odb. 26-10-9 : Obh. 11.04.1968 /

Salvato in:
Dettagli Bibliografici
Autore principale: Prchlík, Jaroslav (Autore)
Natura: Manoscritto Libro
Pubblicazione: Praha : Výzk.ústav pro vak.elektrotechn, 1967
Soggetti:
Tags: Aggiungi Tag
Nessun Tag, puoi essere il primo ad aggiungerne!!

MARC

LEADER 00000ntm a22000003a 4500
001 stu5595
005 20150617225808.3
008 ------s1967----------------------------d
040 |a STU  |b slo 
041 0
100 1 |a Prchlík, Jaroslav  |4 aut 
245 1 |a Akumulační elektrody superortikonu :  |b Kand.diz.práca : V.odb. 26-10-9 : Obh. 11.04.1968 /  |c [aut.] Prchlík,Jaroslav, Ing 
260 |a Praha :  |b Výzk.ústav pro vak.elektrotechn,  |c 1967 
300 |a 88 s 
650 7 |a elektronika a vákuová technika  |2 stusub 
996 |b 284ED00590  |c E*KDIZ-74  |l EE01  |s A  |a 24  |w stu5595_0001